| 000 | 00965nam a2200229 i 4500 | ||
|---|---|---|---|
| 001 | 100260 | ||
| 003 | ES-MaACL | ||
| 005 | 20250809060206.0 | ||
| 007 | t| | ||
| 008 | 050923s1925 sp |||| | spa d | ||
| 100 | 1 |
_aMarvá y Mayer, José. _978576 |
|
| 245 | 1 | 3 |
_aEl Instituto Nacional de Previsión, su obra _b; Orientaciones presentes de los seguros sociales / _cdiscurso preliminar del Exmo. Sr. D. José Marvá y Mayer ; conferencia de D. Luis Jordana de Pozas. |
| 260 |
_aMadrid : _b[s.n.], _c1925 ( _fSobrinos de los Suc. de M. Minuesa) |
||
| 300 |
_a40 p. ; _c22 cm. |
||
| 530 | _aDisponible en formato digital. | ||
| 610 | 2 | 4 |
_aInstituto Nacional de Previsión (España) _95180 |
| 700 | 1 |
_aJordana de Pozas, Luis, _d1890-1983 _966931 |
|
| 852 |
_aES-MaACL _j1688-F-7 _cDEPOF _zRevisado enlace: 05 de Abril de 2025 _9104011 |
||
| 856 |
_uhttps://archive.org/details/BRes050316 _yInternet Archive |
||
| 942 | _2udc | ||
| 999 |
_c100260 _d100260 |
||